Missing Word: Movies, Books & Music (C) Quiz Stats

Quiz Updated Jun 11, 2015

Challenge
Share
Tweet
Embed
Score 0/21 Timer 02:00
8 Plays Today
Hint Answer % Correct
MusicCrazy
99%
BooksCat
98.9%
MusicCry
97.8%
BooksCatcher
95.1%
BooksCities
94.8%
MusicCall
92%
MoviesClash
91.9%
BooksCount
91.7%
MoviesCrocodile
90.7%
MoviesCitizen
90.3%
MusicCradle
86.4%
Hint Answer % Correct
MoviesCon
84.8%
MoviesClub
82.2%
MusicCoochie
77.9%
BooksCatching
70.2%
MusicCorvette
59.6%
BooksChocolate
56%
MoviesCharlie's
49.8%
BooksCold
48.5%
MusicChristmas
31.8%
MoviesCinema
30.8%

Today's Daily Dose

Missing Word
1974 Movies A-Z

Word Ladder
The White Album

Quick Pick
Gods of War

On This Day
February 22nd II

You're not logged in!

Compare scores with friends on all Sporcle quizzes.
Sign Up with Email
OR
Log In

You Might Also Like...

Show Comments

Extras

Top Quizzes Today


Score Distribution

Your Account Isn't Verified!

In order to create a playlist on Sporcle, you need to verify the email address you used during registration. Go to your Sporcle Settings to finish the process.